00319nam a2200121Ia 4500008004100000041000800041082001600049100002300065245002700088260004500115300003000160365000700190240624s9999 xx 000 0 und d aeng a658.049 JOS aJOSHI RAKESH MOHAN aINTERNATIONAL BUSINESS c2016aNew DelhibOxford University press axx, : 912 : p. : cm. ; 24 cRS